000 00596nam a22002297a 4500
003 UA-OsUOA
001 98561
007 ta
008 20130416b un ||||| |||| 00| 0 ukr d
100 _aПортер К.
090 _a821.111
_bП-60
942 _cBK
040 _aUA-OsUOA
_bukr
_cUA-OsUOA
_dUA-OsUOA
245 _aКорабель безумців
_bроман
300 _a543 с.
955 _a2
041 _aukr
080 _a821.111
260 _aК.
_bДніпро
_c1983
650 7 _a339.1 Загальні питання торгівлі. Ринок
_2UDC
999 _c384455
_d384455